000 00583nam a2200181Ia 4500
003 GCL
008 140319s9999 xx 000 0 ara d
040 _aGCL /
_cGCL
082 0 4 _a394.6
_bا ا
100 1 _aابراهيم حلمى
245 1 0 _aادبيات الماثور الشعبى فى مولد السيد البدوى /
_cابراهيم حلمى
300 _a287 ص
490 _aمكتبة الدراسات الشعبية
_v0
650 0 4 _aالعادات والتقاليد
650 0 4 _aالموالد
650 0 4 _aالادب الشعبى - مصر
942 _2ddc
_cBK
999 _c50742
_d50742